000 00344 a2200121 4500
001 61678
082 _a954.9040924 AYU
090 _c37113
_d37113
100 _aAyub Khan, Muhammad ; Field Marshall Prresident of Pakistan
245 _aFriends Not Masters ; a political biography
260 _aIslamabad
_bMr Books
_c2006
300 _a296
942 _acaenust
_k954.9040924 AYU
999 _c296751
_d296751